00418 2200169 4500245005700000020002200057250001100079100002000090700001500110650001800125005001900143260002800162041001400190084001000204300002500214336000900239 aFenomena Alam di Sekitar KitacAhmad SaripudinhText a978-602-9099-01-0 aCet. 1 aAhmad Saripudin aTim Editor aFenomena Alam a20230306073526 aBandungbDua Usaha Muda aIndonesia a551.2 avi, 74 hlm. :cilus. atext